| Поле | Инд. | ПП | Название | Значение |
|---|---|---|---|---|
| Тип записи | a | |||
| Библиографический уровень | b | |||
| 001 | Контрольный номер | RU/IS/BASE/437232006 | ||
| 005 | Дата корректировки | 20220715140338.2 | ||
| 008 | Кодируемые данные | 20131108 | ||
| 040 | b | Код языка каталог. | rus | |
| e | Правила каталог. | PSBO | ||
| 041 | 0_ | a | Код языка текста | rus |
| 084 | a | Индекс другой классификации/Индекс ББК | 65.050.11(2Рос) | |
| 100 | 1_ | a | Автор | Савченко Е. |
| q | Полное имя | Савченко Евгений Степанович | ||
| 245 | 10 | a | Заглавие | О необходимости и содержании смены макроэкономической политики |
| 504 | a | Библиография | Библиогр. ссылки. - Примеч. | |
| 520 | 0_ | a | Аннотация | Связывая в своем интервью редакции причины нынешнего тяжелого состояния отечественной экономики с ошибочной макроэкономической, прежде всего - валютно-курсовой, политики, проводившейся на протяжении всего постдефолтного периода, автор аргументирует необходимость ее смены. Позитивные авторские предложения включают нацеливание этой политики на импортозамещение и переориентацию спроса с внешнего рынка на внутренний посредством девальвации российского рубля, непременно дополняемой энергичным проведением комплекса антиинфляционных и других мер, стимулирующих развитие материального производства, производственной и социальной инфраструктуры |
| 650 | 14 | a | Основная рубрика | управление экономикой |
| a | Основная рубрика | экономика | ||
| 653 | 1_ | a | Ключевые слова | антиинфляционная политика |
| a | Ключевые слова | валютная политика | ||
| a | Ключевые слова | девальвация рубля | ||
| a | Ключевые слова | импортозамещающая стратегия | ||
| a | Ключевые слова | инфляция | ||
| a | Ключевые слова | конкурентоспособность экономики | ||
| a | Ключевые слова | макроэкономическая политика | ||
| a | Ключевые слова | Россия | ||
| a | Ключевые слова | ставка рефинансирования | ||
| a | Ключевые слова | сырьевая экономика | ||
| a | Ключевые слова | финансы | ||
| a | Ключевые слова | ценообразование | ||
| a | Ключевые слова | экономическая политика | ||
| 773 | 08 | t | Заглавие источника | Российский экономический журнал |
| d | Дата издания источника | 2013 | ||
| g | Прочая информация | № 4. - С. 40 - 45 | ||
| w | Контрольный № источника | RU/IS/BASE/435078745 | ||
| 901 | t | Тип документа | b |